Chemie pro vysoké školy zemědělské /

Salvato in:
Dettagli Bibliografici
Autore principale: Hubáček, Jaromír (Autore)
Natura: Libro
Lingua:ceco
Pubblicazione: Praha : Zeross, 1988
Tags: Aggiungi Tag
Nessun Tag, puoi essere il primo ad aggiungerne!!

MARC

LEADER 00000nam a22000003a 4500
001 stu17062
005 20150617225759.1
008 ------s1988----cs------------------cze-d
040 |a STU  |b slo 
041 0 |a cze 
044 |a cs 
080 |a 54 
100 1 |a Hubáček, Jaromír  |4 aut 
245 1 |a Chemie pro vysoké školy zemědělské /  |c [aut.]Hubáček,Jaromír a kol 
260 |a Praha :  |b Zeross,  |c 1988 
300 |a 767 s :  |b Obr.,tab.,grafy 
996 |b C87363  |c C*87363  |l CCVI  |s P  |a 0  |w stu17062_0001